000 00626nam a2200229Ia 4500
003 OSt
005 20221007064715.0
006 a|||||r|||| 00| 0
007 ta
008 221006b |||||||| |||| 00| 0 eng d
024 _a15,001
037 _cTextual
040 _aFLL
_cFLL
_beng
041 _2eng
_aeng
082 _aX:9588.2.N7, L6
100 _aSharma K.M. Au.
_9686195
245 0 _aSocial assistance in india
260 _aDelhi
_bMacmillan company of india limited India
_c1976
300 _a119p
_ccm.
942 _hX:9588.2.N7, L6
_cTEXL
_2CC
999 _c1135084
_d1135084